000 00300nam a22001217a 4500
008 170714b xxu||||| |||| 00| 0 eng d
041 _aeng
080 _23 ED
_a030
100 _a24
101 _aFHA
245 _aMOSBYS POCKET DICTIONARY OF MEDICINE NURSING
_cANDERSON.K.N
942 _2udc
_cBK
999 _c20896
_d20896